| 000 | 00443pab a2200145 454500 | ||
|---|---|---|---|
| 008 | 180718b1984 xxu||||| |||| 00| 0 eng d | ||
| 100 | _aJoshi, A.K. | ||
| 245 |
_aA federal remedy _bA symposium on the constitutional provision for an inter - state council - a select and relevant bibliography |
||
| 260 | _c1984 | ||
| 300 | _a45-7 | ||
| 362 | _aSept. | ||
| 650 | _aFederal - State Relations - Bibliography | ||
| 773 | _aSeminar | ||
| 909 | _a8411 | ||
| 999 |
_c8411 _d8411 |
||